000 00404cam a22001217a 4500
008 180718b1956 xxu||||| |||| 00| 0 eng d
082 _aA81x54 In2/51/56/9
100 _aCensus of India 1951
245 _aPunjab: means of livelihood and industries tables on Y-sample
260 _aDelhi
_bThe Manager of Publications
_c1956
300 _a75+p.
440 _aCensus of India 1951. Punjab. Paper No. 9 of 1956
999 _c483586
_d483586